Responses for Show #9079 - Thursday, April 11, 2024

Alison Betts game 1.

Contestants

[<< previous game]

Alison Betts, a writer and creative executive originally from San Jose, California

Brian Hardzinski, a public radio producer originally from Flower Mound, Texas

Lee Wilkins, a regulatory affairs coordinator from Auburn, Alabama (whose 1-day cash winnings total $2,200)

[next game >>]

Jeopardy! Round responses

THE MANHATTAN PROJECT
"T.P."
UNREAL ESTATE
DOUBLE LETTERS IN THE MIDDLE
(Ken: In the exact middle, in fact, of each response.)
ABBREVIATED TELEVISION
A YEAR ENDING IN 4
    $200 26
(Lee: Um... I'm sorry.)

Central Park

LeeAlison
    $200 28
a theme park

Lee
    $200 30
(Alison: Oh, uh... who is Faulkner?)

John Grisham

LeeAlison
    $200 24
(Alison: What is... fools?)
(Ken: No.)
(Alison: Oh.)

glitters

LeeAlison
    $200 6
Dancing with the Stars

Alison
    $200 12
1984

Alison
    $400 15
One World Trade Center (the Freedom Tower)

Alison
    $400 27
Twin Peaks

Lee
    $400 29
(Ken: And the final clue.)
(Alison: Bring it, please.)

Gulliver

Alison
    $400 25
fellow

Triple Stumper
    $400 11
Star Trek: Deep Space Nine

Brian
    $400 23
2004

Brian
    $600 14
the Stonewall Inn

Lee
    $600 9
Tempur-Pedic

Lee
    $600 7
the Hardy Boys

Alison
    $600 1
(Lee: What is a balloon?)

a bubble

LeeAlison
    $600 20
It's Always Sunny in Philadelphia

Alison
    $600 18
(Lee: 1784?)

1774

LeeAlison
    $800 13
Hudson

Alison
    $800 4
Thomas Paine

Alison
    $800 5
(Alison: What is James Herriot?)

Doctor Dolittle

BrianAlison
    $800 2
morrow

Alison
    $800 21
(Ken: Alternate history show [*].)

For All Mankind

Triple Stumper
    $800 16
1954

Brian
    $2,000 19
Tammany Hall

Alison
    $1000 10
Talking Points

Brian
    $1000 8
Avonlea

Alison
    $1000 3
missal

Alison
    $1000 22
The Marvelous Mrs. Maisel

Triple Stumper
    $1000 17
(Brian: What is 1604?)

1614

Brian
Triple Stumper

Scores at the first commercial break (after clue 15):

Lee Brian Alison
$600 $2,200 $5,600

Scores at the end of the Jeopardy! Round:

Lee Brian Alison
$800 $2,400 $9,000

Double Jeopardy! Round responses

THE MANHATTAN PROJECT
MUSICIANS' MEMOIRS
FOOD TALK
WOMEN IN ANCIENT TIMES
COLORFUL GEOGRAPHY
SOME TIMELY WORDS
    $400 30
Truman

Alison
    $400 6
Bono

Alison
    $400 11
(Lee: What is emulsify?)

purée

LeeBrian
    $400 21
Jerusalem

Brian
    $400 28
the Green Mountains

Alison
    $400 12
antemeridian

Triple Stumper
    $800 29
(Brian: What is Alamogordo?)
...
(Ken: So close--"What is [*]?")

Los Alamos

Brian
Triple Stumper
    $800 9
Thank You

Triple Stumper
    $800 25
poutine

Brian
    $800 2
Cleopatra

Alison
    $800 4
(Lee: What is the Adriatic Sea?)

the Black Sea

LeeAlison
    $800 7
belated

Alison
    $1200 10
(Alison: What is Trinity?)

Chicago

BrianAlison
    $1200 14
Gucci Mane

Triple Stumper
    $1200 19
(Lee: What is garam masala?)

allspice

LeeAlison
    $1200 1
the Vestal Virgins

Lee
    $1200 5
the Blue Lagoon

Brian
    $1200 8
retcon

Brian
    $1600 18
plutonium

Lee
    $1600 15
The Way We Were

Lee
    $1600 20
(Lee: Um... what are...)

capers

LeeBrian
    $2,000 3
(Alison: I liked $2,000 last time, so let's try that again please, Ken--$2,000.)
(Ken: Worked last time; here's your clue in WOMEN IN ANCIENT TIMES...)

Sappho

Alison
    $2,000 17
(Ken: It is Lee's hometown of [*], yes.)

Auburn

Brian
    $1600 13
split-second

Brian
    $2000 22
(Lee: Who is Oppenheimer?)

Ernest Lawrence

Lee
Triple Stumper
    $2000 16
Liz Phair

Brian
    $2000 23
spatchcocking

Lee
    $2000 24
Caligula

Triple Stumper
    $2000 26
the Orange River

Triple Stumper
    $2000 27
an anachronism

Lee

Scores at the end of the Double Jeopardy! Round:

Lee Brian Alison
$3,200 $14,000 $14,600

[wagering suggestions for these scores]

Final Jeopardy! Round responses

SPACE SHUTTLES
(Ken: [To Brian] Yes, the Discovery and Endeavour shuttles both named for [*]'s ships.)
...
(Alison: [Shakes hands with her opponents] You guys were amazing; you guys were so good.)
LeeWho is ?
$0
BrianWho is Cook?
$14,000
AlisonWho is Cook? ♡OJE
$14,000
(Captain) Cook

Final scores:

Lee Brian Alison
$3,200 $28,000 $28,600
3rd place: $2,000 2nd place: $3,000 New champion: $28,600

Game dynamics:

Coryat scores:

Lee Brian Alison
$3,200 $13,600 $13,200
11 R,
8 W
15 R
(including 1 DD),
2 W
23 R
(including 2 DDs),
4 W

Combined Coryat: $30,000

[game clues] [game scores] [suggest correction]

Game tape date: 2024-03-12
The J! Archive is created by fans, for fans. Scraping, republication, monetization, and malicious use prohibited; this site may use cookies and collect identifying information. See terms. The Jeopardy! game show and all elements thereof, including but not limited to copyright and trademark thereto, are the property of Jeopardy Productions, Inc. and are protected under law. This website is not affiliated with, sponsored by, or operated by Jeopardy Productions, Inc. Join the discussion at JBoard.tv.